Mimesis: La representaciòn de la realite dans la litterature occidentale

Αποθηκεύτηκε σε:
Λεπτομέρειες βιβλιογραφικής εγγραφής
Κύριος συγγραφέας: Auerbach, Erich
Μορφή: Βιβλίο
Γλώσσα:Undetermined
Έκδοση: París, Francia Gallimard 1968
Θέματα:
Ετικέτες: Προσθήκη ετικέτας
Δεν υπάρχουν, Καταχωρήστε ετικέτα πρώτοι!

MARC

LEADER 00000nam a2200000Ia 4500
008 170316s9999 xx 000 0 und d
090 |a 801 A-33m 
100 |a Auerbach, Erich 
245 |a Mimesis: La representaciòn de la realite dans la litterature occidentale 
260 |a París, Francia 
260 |b Gallimard 
260 |c 1968 
300 |a 559 páginas 
650 |a TEORÍA LITERARIA 
650 |a CRÍTICA LITERARIA 
650 |a LITERATURA OCCIDENTAL 
999 |c 20039  |d 20039 
040 |a cru BVZT 
942 |c 15 D  |h 801 A-33m  |2 z